|
|
|
|
| LEADER |
00725cam a2200205 7i4500 |
| 001 |
0000036035 |
| 005 |
20190702090000.0 |
| 007 |
##ta |
| 008 |
190702t20172017enk eng |
| 040 |
# |
# |
|a MATR
|
| 090 |
0 |
0 |
|a B 658.4092095
|b ASE
|
| 245 |
0 |
0 |
|a ASEAN :
|b FROM VISON TO REALITY :
|b FROM VISON TO REALITY :
|b INSIGHTS FROM SOUTHEST ASIA'S BUSINESS AND POLITICAL LEADERS
|c Produced and Edited by Asia House.
|
| 264 |
# |
1 |
|a ♭2017.
|
| 264 |
# |
1 |
|a London:
|b Asia House,
|c 2017.
|
| 300 |
# |
# |
|a vi, 126 pages:
|b illustrations;
|c 23 cm.
|
| 336 |
# |
# |
|a text
|2 rdacontent
|
| 337 |
# |
# |
|a unmediated
|2 rdamedia
|
| 338 |
# |
# |
|a volume
|2 rdacarrier
|
| 650 |
# |
0 |
|a Leadership --
|z Asia
|
| 999 |
|
|
|a 0000040699
|b Book
|c Book
|e Business Information Centre
|